000 01140naa a22003137a 4500
001 BR8305454
003 BR-BrBNA
005 20250721143231.0
007 ta
008 250630b bl.|||m| |||| 00| 0 por d
040 _aBR-BrBNA
_bpor
_cBiblioteca Nacional de Agricultura
041 _a(Pt)
072 _aH70
_b0170
_b4120
090 _aH70 BR8305454
100 1 _aBrancao, N.
100 1 _aRaupp, A.A.A.
100 1 _aAzambuja, N.H.B.
100 1 _aMartins, R.M.
111 1 _a12. Reuniao Tecnica Anual do Sorgo
_cPelotas, RS (Brazil)
_d9-12 Aug 1983
245 1 _aLevantamento de fungos de graos de sorgo armazenado (constatacao)[Sorghum spp]
500 _aAnais da 12. Reuniao Tecnica Anual do Sorgo Pelotas, RS (Brasil): 1983. p. 45-51 [3 tables] (BR8305454-AMS)
773 0 _tAnais da 12. Reuniao Tecnica Anual do Sorgo
_wH70 BR8305454
_gPelotas, RS (Brasil), 1983. p. 45-51
650 _aSORGO
650 _aARMAZENAMENTO
650 _aFUNGO
490 _aDocumentos - Unidade de Execucao de Pesquisa de Ambito Estadual de Pelotas (Brazil)
_vno. 15
942 _cAMS
_2AGRIS
909 _a202506
_bLúcia
_c55
_dLúcia Elande
999 _c334571
_d334571